000 00573caa a22001572a 4500
001 020383
003 AR-FADEU
008 311216n########xxu####################dd
092 _a425.2
_bB741
100 _aKayne, Richard S.
245 _aLCA/C-command related issues
300 _aPP. 288-342
500 _aEn: Minimalist syntax : the essential readings / ed. Zeljko Boskovic. Oxford : Blackwell, 2007
942 _cBDGR
999 _c26107
_d26107
773 0 _026102
_925107
_aBoskovic, Zeljko, ed.
_b
_dOxford
_o05364
_tMinimalist syntax : the essential readings
_w( AR-FADEU) 020378
_x
_z0-631-23304-0